Radio Nacional de España (Record no. 177991)

MARC details
000 -LEADER
campo de control de longitud fija 01722nam a2200337 4500
001 - NÚMERO DE CONTROL
campo de control 177991
003 - IDENTIFICADOR DE NÚMERO DE CONTROL
campo de control ES-MaACL
005 - FECHA Y HORA DE LA ÚLTIMA TRANSACCIÓN
campo de control 20230902094412.0
008 - DATOS DE LONGITUD FIJA--INFORMACIÓN GENERAL
campo de control de longitud fija 110511s2009 sp acfo |||| |dspa d
017 ## - NÚMERO DE COPYRIGHT O DE DEPÓSITO LEGAL
Número de copyright o de depósito legal M-22258-2009
020 ## - NÚMERO INTERNACIONAL ESTÁNDAR DEL LIBRO
Número Internacional Estándar del Libro 9788492497201
080 ## - NÚMERO DE LA CLASIFICACIÓN DECIMAL UNIVERSAL
Número de la Clasificación Decimal Universal 654.191(460)(091)
080 ## - NÚMERO DE LA CLASIFICACIÓN DECIMAL UNIVERSAL
Número de la Clasificación Decimal Universal 659.3:32
080 ## - NÚMERO DE LA CLASIFICACIÓN DECIMAL UNIVERSAL
Número de la Clasificación Decimal Universal 94(460)"1936/39"
100 1# - ENTRADA PRINCIPAL--NOMBRE DE PERSONA
Nombre de persona Orozco Galindo, Jesús.
9 (RLIN) 146472
245 10 - MENCIÓN DEL TÍTULO
Título Radio Nacional de España
Resto del título : nacida para ganar una guerra /
Mención de responsabilidad, etc. Jesús Orozco Galindo ; [prólogo, José Antonio Sentís Castaño].
260 ## - PUBLICACIÓN, DISTRIBUCIÓN, ETC.
Lugar de publicación, distribución, etc. Madrid :
Nombre del editor, distribuidor, etc. Manuscritos :
-- [2009]
300 ## - DESCRIPCIÓN FÍSICA
Extensión 413 p. :
Otras características físicas il., fot. ;
Dimensiones 23 cm.
500 ## - NOTA GENERAL
Nota general Índice onomástico.
502 ## - NOTA DE TESIS
Nota de tesis Basado en la tesis del autor.
505 8# - NOTA DE CONTENIDO CON FORMATO
Nota de contenido con formato Contiene: I ;
Título Los servicios informativos en RNE - II ;
-- Radio Nacional nacida de un golpe militar - III ;
-- Leyes configuradoras de Radio Nacional de España - IV ;
-- Pilares legislativos que alumbraron RNE - V ;
-- La hora "H" para Radio Nacional - VI ;
-- Los artífices del desarrollo inicial de RNE - VII ;
-- Los informativos de Radio Nacional de España durante la guerra civil - VIII ;
-- La Radio Nacional entró en Madrid - IX ;
-- Primero de abril de 1939: ¡La guerra ha terminado!
610 27 - PUNTO DE ACCESO ADICIONAL DE MATERIA--NOMBRE DE ENTIDAD CORPORATIVA
Nombre de entidad corporativa o nombre de jurisdicción como elemento de entrada Radio Nacional de España-
Subdivisión de forma Historia.
9 (RLIN) 146473
650 04 - PUNTO DE ACCESO ADICIONAL DE MATERIA--TÉRMINO DE MATERIA
Término de materia o nombre geográfico como elemento de entrada Medios de comunicación social-
Subdivisión general Aspectos políticos-
Subdivisión geográfica España.
9 (RLIN) 14965
650 #4 - PUNTO DE ACCESO ADICIONAL DE MATERIA--TÉRMINO DE MATERIA
Término de materia o nombre geográfico como elemento de entrada Radiodifusión-
Subdivisión geográfica España.
9 (RLIN) 16668
651 #7 - PUNTO DE ACCESO ADICIONAL DE MATERIA--NOMBRE GEOGRÁFICO
Nombre geográfico España-
Subdivisión general Historia-
Subdivisión cronológica 1936-1939, Guerra civil.
9 (RLIN) 8292
700 1# - ENTRADA AGREGADA--NOMBRE PERSONAL
Nombre de persona Sentís Castaño, José Antonio.
9 (RLIN) 146474
852 ## - LOCALIZACIÓN
Ubicación ES-MaACL
itemnumber 184850
Sublocalización o colección R.145593
Número de control de estantería A-11151
Signatura antigua Olim: N-4156
Ubicación en estantería Depósito 1
942 ## - ELEMENTOS DE ENTRADA SECUNDARIOS (KOHA)
Fuente del sistema de clasificación o colocación Clasificación decimal universal
Tipo de ítem Koha Libro impreso
Holdings
Estatus retirado Estado de pérdida Fuente del sistema de clasificación o colocación Estado de daño No para préstamo Biblioteca de origen Biblioteca actual Ubicación en estantería Fecha de adquisición Fuente de adquisición Total de préstamos Signatura topográfica completa Código de barras Visto por última vez Precio de reemplazo Tipo de ítem Koha
    Clasificación decimal universal     Biblioteca del Ateneo de Madrid Biblioteca del Ateneo de Madrid Depósito 1 11/05/2011 Compra   A-11151 1186983 23/02/2023 23/02/2023 Libro impreso